Interfacial electrochemistry : (Record no. 12105)
[ view plain ]
| 000 -LEADER | |
|---|---|
| fixed length control field | 01052pam a2200301 i 4500 |
| 001 - CONTROL NUMBER | |
| control field | 2214990 |
| 003 - CONTROL NUMBER IDENTIFIER | |
| control field | EG-ScBUE |
| 005 - DATE AND TIME OF LATEST TRANSACTION | |
| control field | 20250716095351.0 |
| 008 - FIXED-LENGTH DATA ELEMENTS--GENERAL INFORMATION | |
| fixed length control field | 750204s1975 maua f b 001 0 eng d |
| 020 ## - INTERNATIONAL STANDARD BOOK NUMBER | |
| International Standard Book Number | 0201023989 |
| 040 ## - CATALOGING SOURCE | |
| Original cataloging agency | DLC |
| Language of cataloging | eng |
| Description conventions | rda |
| Transcribing agency | DLC |
| Modifying agency | DLC |
| -- | EG-ScBUE |
| 082 04 - DEWEY DECIMAL CLASSIFICATION NUMBER | |
| Classification number | 541.3724 |
| Edition number | 22 |
| Item number | GIL |
| 100 1# - MAIN ENTRY--PERSONAL NAME | |
| Personal name | Gileadi, Eliezer, |
| Relator term | author. |
| 9 (RLIN) | 7194 |
| 245 10 - TITLE STATEMENT | |
| Title | Interfacial electrochemistry : |
| Remainder of title | an experimental approach / |
| Statement of responsibility, etc | E. Gileadi, E. Kirowa-Eisner, J. Penciner, Tel-Aviv University. |
| 264 #1 - PUBLICATION, DISTRIBUTION, ETC. (IMPRINT) | |
| Place of publication, distribution, etc | Reading, Mass. : |
| Name of publisher, distributor, etc | Addison-Wesley Pub. Co., Advanced Book Program, |
| Date of publication, distribution, etc | [1975] |
| 264 #4 - PUBLICATION, DISTRIBUTION, ETC. (IMPRINT) | |
| Date of publication, distribution, etc | c1975 |
| 300 ## - PHYSICAL DESCRIPTION | |
| Extent | xviii, 525 pages : |
| Other physical details | illustrations ; |
| Dimensions | 24 cm |
| 336 ## - CONTENT TYPE | |
| Source | rdacontent |
| Content type term | text |
| Content type code | txt |
| 337 ## - MEDIA TYPE | |
| Media type term | unmediated |
| Source | rdamedia |
| Media type code | n |
| 338 ## - CARRIER TYPE | |
| Carrier type term | volume |
| Carrier type code | nc |
| Source | rdacarrier |
| 500 ## - GENERAL NOTE | |
| General note | Includes index. |
| 650 #7 - SUBJECT ADDED ENTRY--TOPICAL TERM | |
| Topical term or geographic name as entry element | Electrodes. |
| Source of heading or term | BUEsh |
| 9 (RLIN) | 7195 |
| 650 #7 - SUBJECT ADDED ENTRY--TOPICAL TERM | |
| Topical term or geographic name as entry element | Electric double layer. |
| Source of heading or term | BUEsh |
| 9 (RLIN) | 7196 |
| 655 ## - INDEX TERM--GENRE/FORM | |
| Form subdivision | Reading book |
| 700 2# - ADDED ENTRY--PERSONAL NAME | |
| Personal name | Kirowa-Eisner, E., |
| Relator term | joint author. |
| 9 (RLIN) | 7197 |
| 700 1# - ADDED ENTRY--PERSONAL NAME | |
| Personal name | Penciner, J., |
| Relator term | joint author. |
| 9 (RLIN) | 7198 |
| 942 ## - ADDED ENTRY ELEMENTS (KOHA) | |
| Source of classification or shelving scheme | Dewey Decimal Classification |
| Koha item type | Book - Borrowing |
| Withdrawn status | Lost status | Source of classification or shelving scheme | Damaged status | Not for loan | Collection code | Home library | Current library | Shelving location | Date acquired | Source of acquisition | Cost, normal purchase price | Total Checkouts | Full call number | Barcode | Date last seen | Koha item type |
|---|---|---|---|---|---|---|---|---|---|---|---|---|---|---|---|---|
| Dewey Decimal Classification | Alef-Baa | Central Library | Central Library | First floor | 29/06/2009 | Purchase | 150.00 | 541.3724 GIL | 000017223 | 15/07/2025 | Book - Borrowing |